00511nam a2200205Ia 4500008004100000020001800041050001600059050001600075100001700091245001000108245001600118260002000134260002900154260000900183300001600192300002600208300001100234500005100245650000900296160819s9999 xx 000 0 und d a1-84000-730-3 aCUL TP 607  b.R9B76 2003 aBroom, Dave. aRum / cDave Broom. aGreat Britain : bOctopus Pub. Group Ltd., c2003 a176 pages : bcolor illustrations ; c29 cm. aIncludes bibliographical references and index. aRum.